Skúmanie substitučných procesov v ekonomike SSR pomocou transcendentnej logaritmickej produkčnej funkcie

Salvato in:
Dettagli Bibliografici
Autore principale: Ochotnický, Pavol
Natura: Capitolo di libro
Lingua:slovacco
Tags: Aggiungi Tag
Nessun Tag, puoi essere il primo ad aggiungerne!!

MARC

LEADER 00000naa$a2200000$$$4500
001 0092392
005 20240618121250.4
041 0 |a slo 
044 |a SK 
245 1 0 |a Skúmanie substitučných procesov v ekonomike SSR pomocou transcendentnej logaritmickej produkčnej funkcie  |c Pavol Ochotnický 
100 1 |a Ochotnický, Pavol